00311nam a2200109Ia 4500008004100000041000800041082001500049100003400064245003300098260005200131300001800183231228s1998 xx 000 0 und d aeng a658.4bNOR aNORTHCRAFT (G.B.) / NEALE (M) aOrganizational Behaviour.... aChicagobThe Dryden Press Chicago Chicagoc1998 aXXIX,791+MISC